| 000 | 01334nam a22002897a 4500 | ||
|---|---|---|---|
| 005 | 20260701105331.0 | ||
| 008 | 260630s2026 ag ||||| |||| 00| 0 spa d | ||
| 020 |
_aSentencia TI 39/26 Fecha 19/06/2026 _bSEN |
||
| 110 |
_aTribunal de Impugnación _91 |
||
| 245 | 1 | 1 |
_a"V. B., O. C. (17) S/ HOMICIDIO AGRAVADO POR EL USO DE ARMA DE FUEGO EN CALIDAD DE AUTOR", "V. B., O. C. (16) S/ HOMICIDIO EN OCACIÓN DE ROBO" "V. B., O. C. (17) S/ ROBO SIMPLE EN GRADO DE TENTATIVA EN CALIDAD DE COAUTOR" / _cTribunal de Impugnación |
| 300 |
_a84 p. _bpdf |
||
| 518 | _a19/06/2026 | ||
| 653 | _aHOMICIDIO AGRAVADO POR EL USO DE ARMA DE FUEGO EN CALIDAD DE AUTOR | ||
| 653 | _aHOMICIDIO EN OCASIÓN DE ROBO | ||
| 653 | _aROBO SIMPLE EN GRADO DE TENTATIVA EN CALIDAD DE COAUTOR | ||
| 653 | _aCONVENCIÓN SOBRE LOS DERECHOS DEL NIÑO | ||
| 653 | _aINTERÉS SUPERIOR DEL NIÑO | ||
| 653 | _aSISTEMA PENAL JUVENIL | ||
| 653 | _aREITERACIÓN DELICTIVA | ||
| 653 | _aHOMICIDIOS CONSUMADOS | ||
| 700 |
_aMartini, Florencia María _911 |
||
| 700 | 1 |
_aSauli, Estefania _970 |
|
| 700 | 1 |
_aRepetto, Andrés _910 |
|
| 774 | _aLegajo 279770/23 251189/23 287436/23 | ||
| 856 |
_uhttp://jurispenal.jusneuquen.gov.ar/cgi-bin/koha/opac-retrieve-file.pl?id=6287b183ed659681626829602b52d4ac _yTexto completo Sentencia TI |
||
| 942 |
_2ddc _cSEN |
||
| 999 |
_c1307 _d1307 |
||